The Cold War / John Lewis Gaddis / (Record no. 58374)
[ view plain ]
| 000 -LEADER | |
|---|---|
| fixed length control field | 01021 a2200361 4500 |
| 001 - CONTROL NUMBER | |
| control field | 58374 |
| 003 - CONTROL NUMBER IDENTIFIER | |
| control field | TR-AnTOB |
| 005 - DATE AND TIME OF LATEST TRANSACTION | |
| control field | 20200604163329.0 |
| 008 - FIXED-LENGTH DATA ELEMENTS--GENERAL INFORMATION | |
| fixed length control field | 070114s2006 enk 000 0 eng |
| 020 ## - INTERNATIONAL STANDARD BOOK NUMBER | |
| International Standard Book Number | 0713999128 |
| 035 ## - SYSTEM CONTROL NUMBER | |
| System control number | 58374 |
| 040 ## - CATALOGING SOURCE | |
| Original cataloging agency | DLC |
| Transcribing agency | DLC |
| 041 ## - LANGUAGE CODE | |
| Language code of text/sound track or separate title | İngilizce |
| 042 ## - AUTHENTICATION CODE | |
| Authentication code | pcc |
| 050 ## - LIBRARY OF CONGRESS CALL NUMBER | |
| Classification number | D843 |
| Item number | .G22 2006 |
| 090 ## - LOCALLY ASSIGNED LC-TYPE CALL NUMBER (OCLC); LOCAL CALL NUMBER (RLIN) | |
| Classification number (OCLC) (R) ; Classification number, CALL (RLIN) (NR) | D843 .G22 2006 |
| 100 ## - MAIN ENTRY--PERSONAL NAME | |
| Personal name | Gaddis, John Lewis |
| 9 (RLIN) | 30948 |
| 245 #4 - TITLE STATEMENT | |
| Title | The Cold War / John Lewis Gaddis / |
| Statement of responsibility, etc. | John Lewis Gaddis. |
| 264 #1 - PRODUCTION, PUBLICATION, DISTRIBUTION, MANUFACTURE, AND COPYRIGHT NOTICE | |
| Place of production, publication, distribution, manufacture | London : |
| Name of producer, publisher, distributor, manufacturer | Allen Lane, |
| Date of production, publication, distribution, manufacture, or copyright notice | 2006. |
| 300 ## - PHYSICAL DESCRIPTION | |
| Extent | x, 333 p., [16] p. of plates : |
| Other physical details | ill., maps ; |
| Dimensions | 25 cm. |
| 650 #7 - SUBJECT ADDED ENTRY--TOPICAL TERM | |
| Topical term or geographic name entry element | Dünya politikası |
| Chronological subdivision | 1945-1989 |
| Source of heading or term | etuturkob |
| 9 (RLIN) | 25087 |
| Topical term or geographic name entry element | World politics |
| Chronological subdivision | 1945-1989 |
| 9 (RLIN) | 1346 |
| Topical term or geographic name entry element | Cold War |
| 9 (RLIN) | 1348 |
| Topical term or geographic name entry element | Soğuk savaş |
| 9 (RLIN) | 30949 |
| 901 ## - LOCAL DATA ELEMENT A, LDA (RLIN) | |
| a | 0017940 |
| 902 ## - LOCAL DATA ELEMENT B, LDB (RLIN) | |
| a | GT |
| 906 ## - LOCAL DATA ELEMENT F, LDF (RLIN) | |
| b | ibc |
| c | origres |
| d | u |
| e | ncip |
| f | 20 |
| g | y-gencatlg |
| 923 ## - | |
| -- | 909 |
| -- | 060330 |
| -- | B05F 4837801 |
| -- | CaONFCNI |
| 925 ## - | |
| -- | acquire |
| -- | 1 shelf copy |
| -- | policy default |
| 985 ## - | |
| -- | VENDOR LOAD |
| 942 ## - ADDED ENTRY ELEMENTS (KOHA) | |
| Koha item type | Book |
| Withdrawn status | Lost status | Source of classification or shelving scheme | Materials specified (bound volume or other part) | Not for loan | Collection code | Home library | Current library | Shelving location | Date acquired | Source of acquisition | Serial Enumeration / chronology | Inventory number | Total Checkouts | Total Renewals | Total Holds | Full call number | Barcode | Date last seen | Date last checked out | Copy number | Date shelved | Koha item type |
|---|---|---|---|---|---|---|---|---|---|---|---|---|---|---|---|---|---|---|---|---|---|---|
| C.1 | Ödünç Verilebilir / Available | Genel Koleksiyon | Merkez Kütüphane | Merkez Kütüphane | Genel Koleksiyon / Main Collection | 14/12/2007 | Satın Alma / Purchase | 1 | TAR | 1 | 1 | D843 .G22 2006 | 0017940 | 22/06/2017 | 10/05/2017 | 1 | 21/04/2010 | Book |
